Регионална библиотека "Любен Каравелов" - Русе

Българска фолклорна култура и Възрожденско изкуство (Запис номер 328079)

MARC детайли
000 -Лидер
Контролно поле с фиксирана дължина 01612nam a2200385 c 4500
003 - Код на организацията, давaща контролен номер
Контролно поле BLK
005 - Дата и час на последна редакция
Контролно поле 20221020115744.0
008 - Елементи от данни с фиксирана дължина
fixed length control field 180411b bul|||||r ||||||| ||bul||
010 ## - Наследен системен номер
LC control number KNG00178696000
020 ## - Международен стандартен номер на книга ISBN
Международен стандартен номер на книга ISBN 978-954-322-942-0
040 ## - Източник на каталожния запис
Идентификатор на билиотеката - собственик на записа BLK
041 ## - Код за език
Код за езика на текст/звукозапис или на отделно заглавие Български
Код за езика КДБФ Български
080 ## - УДК
Текстов определител УДК Етнология. Етнография. Нрави. Обичаи. Бит. Фолклористика. Вж и 572 ; 903 ; 904
УДК код - определител по УДК 39
УДК определител (497.2)
УДК - код + определител 39(497.2)
080 ## - УДК
Текстов определител УДК Изкуство на епохата на Възраждането ХV-ХVI в. Барок. Рококо
УДК код - определител по УДК 7.034
УДК определител (497.2)
УДК - код + определител 7.034(497.2)
100 1# - Редна дума - Автор
Автор Миков, Любомир Петров
Авторска отговорност първи автор
R(LIN) 370380
139 ## - Редно поле
Редна дума Миков, Любомир Петров
Авторски знак Мик - М 54
245 10 - Сведения за заглавието
Заглавие Българска фолклорна култура и Възрожденско изкуство
Редно поле (дума) Любомир Петров Миков.
Том Т. 3
Заглавие на том Избрани студии
257 ## - Страна на издаване
Страна на създаване/издаване България
260 ## - Област на издателските данни
Име на издателя, разпространителя и проч. Акад. изд. Проф. Марин Дринов
Година на издаване 2018
9 (RLIN) 209388
Място на издаване, разпространение и проч. София
Издателство - префикс ISBN 978-954-322- ; 954-430-
300 ## - Физическа характеристика
Страници 304 с.
Илюстрации и др. с ил.
Размери/Мащаб 21 см
380 ## - Жанр
Жанр Обществени науки
500 ## - Общи забележки
Забележка Библиогр. с. 297-304.
650 #4 - Допълнително описание по предмет – тема
Основно описание – тема или топоним Обреди и обичаи, български
9 (RLIN) 241811
651 #4 - Допълнително описание по предмет - топоним
Географско понятие България
9 (RLIN) 241624
653 ## - Ключова дума – ненормативна
Ключова дума народни обичаи
653 ## - Ключова дума – ненормативна
Ключова дума обреди
653 #7 - Ключова дума – ненормативна
Ключова дума български фолклор
9 (RLIN) 182726
653 #7 - Ключова дума – ненормативна
Ключова дума Възраждане
9 (RLIN) 183709
852 ## - Местоположение
Фондова буква Хранилище
Систематично-азбучна сигнатура Цб 292208
Форматна сигнатура Цб 295269
856 4# - Електронен адрес и достъп
Електронен формат pdf - файл
Инструкция (цена за достъп) 0.00
Права за достъп disable
856 4# - Електронен адрес и достъп
Електронен формат pdf - файл
Инструкция (цена за достъп) 0.00
Права за достъп disable
999 ## - СИСТЕМНИ КОНТРОЛНИ НОМЕРА
Koha biblionumber 328079
Koha biblioitemnumber 328079
942 ## - АРТИКУЛИ
Вид на библиотечния материал Книги
Скрит в OPAC Не
Koha issues (borrowed), all copies 1
Периодичен библиозапис Да
944 ## - СЪЗДАВАНЕ И РЕДАКЦИЯ на ЗАПИСА
Създаване/Редакция Създаване
Дата на регистрацията/редакция 23.07.2015
Статус, дата на статуса ф /
Служител, извършил регистрацията/редакцията Людмила_Стоянова
944 ## - СЪЗДАВАНЕ И РЕДАКЦИЯ на ЗАПИСА
Създаване/Редакция Редакция
Дата на регистрацията/редакция 23.07.2015
Статус, дата на статуса ф /
Служител, извършил регистрацията/редакцията Людмила_Стоянова
999 ## - СИСТЕМНИ КОНТРОЛНИ НОМЕРА
Koha biblioitemnumber 328079
999 ## - СИСТЕМНИ КОНТРОЛНИ НОМЕРА
Koha biblioitemnumber 328079
999 ## - СИСТЕМНИ КОНТРОЛНИ НОМЕРА
Koha biblioitemnumber 170537
Наличности
Код за отписване Код за изгубен артикул Източник на класификационната схема Код за повреда Коз за рестрикции Код за отдаване Артикулен № Име на библиотеката - собственик Име на библиотеката, в която се намира в момента Статус (Текущо местоположение) Дата на вписване в системата Местоположение - отдел Цена в лева Систематично азбучна сигнатура Баркод Цена в евро Служебен тип на артикула
  Не е изгубен Universal Decimal Classification Не е повреден само за читалня ползва се в читалня 687829 Регионална библиотека "Любен Каравелов" Русе Регионална библиотека "Любен Каравелов" Русе Основен фонд - ползва се само за читалня 2019-01-02 Основен фонд - ползва се само за читалня 25.00 Цб 293239 120000828583 12.78 Книги
  Не е изгубен Universal Decimal Classification Не е повреден без рестрикции заемане за дома 687830 Регионална библиотека "Любен Каравелов" Русе Регионална библиотека "Любен Каравелов" Русе Отдел Изкуство - подръчен фонд 2019-01-02 Отдел Изкуство - подръчен фонд 25.00 39/М 54 120000828584 12.78 Книги
  Не е изгубен Universal Decimal Classification Не е повреден само за читалня ползва се в читалня 728359 Регионална библиотека "Любен Каравелов" Русе Регионална библиотека "Любен Каравелов" Русе Хранилище 2019-07-05 Хранилище 25.00 Цб 295269 120000832687 12.78 Книги
Vip Innovations Ltd, Rousse, Bulgaria 2025